| 000 -LEADER | |
|---|---|
| fixed length control field | 00475nam a22001817a 4500 |
| 005 - DATE AND TIME OF LATEST TRANSACTION | |
| control field | 20230415111028.0 |
| 008 - FIXED-LENGTH DATA ELEMENTS--GENERAL INFORMATION | |
| fixed length control field | 230414b |||||||| |||| 00| 0 eng d |
| 020 ## - INTERNATIONAL STANDARD BOOK NUMBER | |
| ISBN | 81-239-0517-3 |
| 041 ## - LANGUAGE CODE | |
| Language code of text/sound track or separate title | eng |
| 082 ## - DEWEY DECIMAL CLASSIFICATION NUMBER | |
| Classification number | 615.6 JAI-C |
| 100 ## - MAIN ENTRY--AUTHOR NAME | |
| Personal name | JAIN,N.K. |
| 245 ## - TITLE STATEMENT | |
| Title | CONTROLLED AND NOVEL DRUG DELIVERY |
| 250 ## - EDITION STATEMENT | |
| Edition statement | 1st ed. |
| 260 ## - PUBLICATION, DISTRIBUTION, ETC. (IMPRINT) | |
| Name of publisher | CBS PUBLICATION & DISTRIBUTORS PVT. LTD. |
| Year of publication | 2023 |
| 300 ## - PHYSICAL DESCRIPTION | |
| Number of Pages | 406;P. |
| 650 ## - SUBJECT ADDED ENTRY--TOPICAL TERM | |
| Topical Term | PHARMACY |
| General subdivision | B. PHARMA |
| 942 ## - ADDED ENTRY ELEMENTS (KOHA) | |
| Koha item type | Books |
| Lost status | Damaged status | Collection code | Home library | Current library | Shelving location | Date acquired | Source of acquisition | Cost, normal purchase price | Full call number | Accession Number | Koha item type |
|---|---|---|---|---|---|---|---|---|---|---|---|
| PHARMACY | JRU Library | JRU Library | SHELF-19-B | 13/04/2023 | LOHIA BOOK INTERNATIONAL | 3495.00 | 615.6 JAI-C | 27691 | Books | ||
| PHARMACY | JRU Library | JRU Library | SHELF-19-B | 13/04/2023 | LOHIA BOOK INTERNATIONAL | 3495.00 | 615.6 JAI-C | 27692 | Books | ||
| PHARMACY | JRU Library | JRU Library | SHELF-17-B | 13/04/2023 | LOHIA BOOK INTERNATIONAL | 3495.00 | 615.6 JAI-C | 27693 | Books |